US Daily Newspapers Quiz Stats

 Plays Quiz Updated Jul 6, 2012

Challenge
Share
Tweet
Embed
Score 0/30 Timer 06:00
0 Plays Today
% Correct
Times
81%
Times
75.5%
Post
69.6%
Globe
67.5%
Oregonian
65.4%
Tribune
59.8%
Free Press
58.8%
Herald
56%
Sun
52.6%
Post
52.4%
Chronicle
52%
Plain Dealer
51.8%
Chronicle
51.6%
Inquirer
49.1%
Journal Constitution
48.4%
% Correct
Times
43.7%
Morning News
42.6%
Post-Dispatch
41.9%
Mercury News
39.2%
Star
38.3%
Post-Gazette
38%
Courant
36.3%
Register
36.1%
Star Tribune
30.6%
Star-Ledger
30%
Journal Sentinel
29.9%
Star
29.5%
Eagle
26.7%
Courier-Journal
24.4%
Union-Tribune (U-T)
22.1%

You're not logged in!

Compare scores with friends on all Sporcle quizzes.
OR
Log In

You Might Also Like...

Show Comments

Extras

Top Quizzes Today


Score Distribution

Your Account Isn't Verified!

In order to create a playlist on Sporcle, you need to verify the email address you used during registration. Go to your Sporcle Settings to finish the process.

Report this User

Report this user for behavior that violates our Community Guidelines.

Details: